000
00300nam a22001337a 4500
008
170609b xxu||||| |||| 00| 0 eng d
020
_a
9780742567535
041
_a
eng
080
_2
2ND
_a
32
100
_a
19
101
_a
SHP
245
_a
RUSSIA'S FOREIGN POLICY
_c
TSYGANKOV,A.P
942
_2
udc
_c
BK
999
_c
16766
_d
16766